[Event "CAN-ch U14"]
[Site "Ottawa"]
[Date "2007.07.03"]
[Round "2"]
[White "Green, Aaron"]
[Black "Abdulla, Adil"]
[Result "1-0"]
[WhiteElo "1510"]
[BlackElo "1396"]
[PlyCount "103"]
[EventDate "2007.07.03"]
[EventType "swiss"]
[EventRounds "7"]
[EventCountry "CAN"]
[SourceTitle "EXT 2022"]
[Source "ChessBase"]
[SourceDate "2021.10.06"]
[SourceVersion "1"]
[SourceVersionDate "2021.10.06"]
[SourceQuality "1"]

1. e4 e5 2. Nf3 Nc6 3. Bb5 d6 4. d4 a6 5. Bxc6+ bxc6 6. dxe5 Bg4 7. exd6 cxd6 8. 0-0 Nf6 9. Re1 Be7 10. h3 Bd7 11. Nc3 0-0 12. Bf4 Ne8 13. Qd2 h6 14. Rad1 g5 15. Bh2 g4 16. hxg4 Bxg4 17. Qxh6 Bxf3 18. gxf3 Bg5 19. Qh3 Kg7 20. f4 Be7 21. Kf1 Rh8 22. Qg2+ Kf8 23. Ke2 Qc8 24. Bg3 Rg8 25. Qf3 Rb8 26. b3 Bf6 27. Nb1 Qe6 28. Rg1 Rb4 29. Nd2 d5 30. e5 Be7 31. Bh2 Rxg1 32. Rxg1 f5 33. Qh3 Ng7 34. Qh8+ Qg8 35. Qxg8+ Kxg8 36. c3 Rb8 37. Nf3 Kf8 38. Nd4 Rc8 39. Rg6 c5 40. Rc6 Rd8 41. Ne6+ Nxe6 42. Rxe6 d4 43. cxd4 cxd4 44. Rxa6 d3+ 45. Kd1 Bh4 46. Bg3 Bxg3 47. fxg3 Ke7 48. Rd6 Rxd6 49. exd6+ Kxd6 50. Kd2 Kd5 51. Kxd3 Ke6 52. a4 1-0